[Event "Caldaro op 4th"]
[Site "Caldaro"]
[Date "2019.10.20"]
[Round "5"]
[White "Barp, Alberto"]
[Black "Perino, Alberto"]
[Result "1-0"]
[WhiteElo "2396"]
[BlackElo "2004"]
[PlyCount "77"]
[EventDate "2019.10.18"]
[EventType "swiss"]
[EventRounds "5"]
[EventCountry "ITA"]
[SourceTitle "CBM 192 Extra"]
[Source "Chessbase"]
[SourceDate "2019.11.06"]
[SourceVersion "1"]
[SourceVersionDate "2019.11.06"]
[SourceQuality "1"]

1. d4 d5 2. Nf3 e6 3. c4 Nf6 4. g3 c5 5. Bg2 cxd4 6. Nxd4 Bb4+ 7. Nc3 0-0 8. 0-0 e5 9. Nc2 Bxc3 10. bxc3 dxc4 11. Ba3 Qxd1 12. Rfxd1 Re8 13. Ne3 Nc6 14. Nxc4 h6 15. Rab1 a6 16. Rb2 Bd7 17. Nb6 Rad8 18. Nxd7 Nxd7 19. Rxb7 Ndb8 20. Rbb1 Na5 21. Bd5 Nbc6 22. e4 Rb8 23. Kf1 g6 24. Ke2 Kg7 25. Kd3 f5 26. f3 Kf6 27. h4 g5 28. hxg5+ hxg5 29. Rxb8 Rxb8 30. Rh1 fxe4+ 31. fxe4 Kg6 32. Be6 g4 33. Kc2 Kg5 34. Bc1+ Kf6 35. Bxg4 Rg8 36. Rh6+ Ke7 37. Ba3+ Kd8 38. Be6 Rxg3 39. Bd6 1-0

[Event "Caldaro op 3rd"]
[Site "Caldaro"]
[Date "2018.11.04"]
[Round "6"]
[White "Perino, Alberto"]
[Black "Cappelletto, Joshuaede"]
[Result "0-1"]
[WhiteElo "2010"]
[BlackElo "1952"]
[PlyCount "82"]
[EventDate "2018.11.01"]
[EventType "swiss"]
[EventRounds "6"]
[EventCountry "ITA"]
[SourceTitle "EXT 2021"]
[Source "ChessBase"]
[SourceDate "2020.10.23"]
[SourceVersion "1"]
[SourceVersionDate "2020.10.23"]
[SourceQuality "1"]

1. e4 g6 2. d4 Bg7 3. Nf3 d6 4. Nc3 Nc6 5. h3 e5 6. dxe5 Nxe5 7. Nxe5 Bxe5 8. Bc4 Be6 9. Bxe6 fxe6 10. 0-0 Bg7 11. Qe2 Ne7 12. Rd1 Nc6 13. Be3 0-0 14. Qd2 Ne5 15. Bg5 Qe8 16. Bh6 Nc4 17. Qc1 Nxb2 18. Bxg7 Nxd1 19. Bxf8 Nxc3 20. Qe3 Qxf8 21. Qxc3 Qg7 22. Qe1 Qd4 23. Rb1 b6 24. Qe2 Rf8 25. g3 a5 26. Rb3 Qa1+ 27. Kg2 Qxa2 28. Qd3 Qa4 29. Rc3 Rf7 30. f4 Qd7 31. Qa6 d5 32. Rd3 Qc6 33. exd5 exd5 34. Rd2 Re7 35. Qc8+ Re8 36. Qg4 Qe6 37. Qg5 c6 38. g4 Qe7 39. Qh6 Qe4+ 40. Kh2 Qe3 41. Rg2 Rf8 0-1

[Event "Arco Christmas op 8th"]
[Site "Arco"]
[Date "2017.12.29"]
[Round "6"]
[White "Perino, Alberto"]
[Black "Dobboletta, Alex"]
[Result "1-0"]
[WhiteElo "1885"]
[BlackElo "2155"]
[PlyCount "59"]
[EventDate "2017.12.26"]
[EventType "swiss"]
[EventRounds "7"]
[EventCountry "ITA"]
[SourceTitle "CBM 182 Extra"]
[Source "ChessBase"]
[SourceDate "2018.02.23"]
[SourceVersion "1"]
[SourceVersionDate "2018.02.23"]
[SourceQuality "1"]

1. e4 c5 2. Nf3 d6 3. c4 Nc6 4. d4 cxd4 5. Nxd4 Nf6 6. Nc3 e6 7. Be2 Be7 8. 0-0 0-0 9. b3 a6 10. Qd2 Qc7 11. Rd1 Re8 12. Ba3 Bd7 13. Nxc6 Bxc6 14. Bxd6 Bxd6 15. Qxd6 Qxd6 16. Rxd6 Nxe4 17. Nxe4 Bxe4 18. Rad1 Bc6 19. f3 f5 20. c5 Bd5 21. Rd4 Rac8 22. Bc4 Rxc5 23. Bxd5 Rxd5 24. R4xd5 exd5 25. Rxd5 Re2 26. a4 Re6 27. a5 Rf6 28. Kf2 Kf8 29. Rd8+ Ke7 30. Rb8 1-0

[Event "Arco Christmas op 8th"]
[Site "Arco"]
[Date "2017.12.28"]
[Round "4"]
[White "Perino, Alberto"]
[Black "Zenari, Marco"]
[Result "1-0"]
[WhiteElo "1885"]
[BlackElo "2019"]
[PlyCount "79"]
[EventDate "2017.12.26"]
[EventType "swiss"]
[EventRounds "7"]
[EventCountry "ITA"]
[SourceTitle "CBM 182 Extra"]
[Source "ChessBase"]
[SourceDate "2018.02.23"]
[SourceVersion "1"]
[SourceVersionDate "2018.02.23"]
[SourceQuality "1"]

1. e4 c5 2. Nf3 d6 3. c4 e5 4. g3 Nc6 5. Bg2 g6 6. 0-0 Bg7 7. Nc3 Nge7 8. d3 0-0 9. a3 f5 10. Rb1 a5 11. Nh4 f4 12. Nd5 g5 13. Nxe7+ Qxe7 14. Nf5 Bxf5 15. exf5 Rxf5 16. Be4 Rf6 17. Qg4 Kh8 18. Qxg5 Nd4 19. Qh4 Bh6 20. Bd2 Rg8 21. Bxa5 fxg3 22. fxg3 Rxf1+ 23. Kxf1 Qxh4 24. gxh4 Be3 25. Bg2 b6 26. Bc3 Nc2 27. Be1 Bd4 28. Be4 Rg1+ 29. Ke2 Kg7 30. b4 Bc3 31. bxc5 Rxe1+ 32. Rxe1 bxc5 33. Rg1+ Kh6 34. Rg8 Kh5 35. Rh8 Kxh4 36. Rxh7+ Kg5 37. h4+ Kf6 38. h5 Nd4+ 39. Kd1 Ne6 40. Rd7 1-0

[Event "Arco op-A 39th"]
[Site "Arco"]
[Date "2017.10.09"]
[Round "3"]
[White "Perino, Alberto"]
[Black "Okhotnik, Vladimir"]
[Result "0-1"]
[WhiteElo "1880"]
[BlackElo "2432"]
[PlyCount "122"]
[EventDate "2017.10.07"]
[EventType "swiss"]
[EventRounds "9"]
[EventCountry "ITA"]
[SourceTitle "CBM 181 Extra"]
[Source "ChessBase"]
[SourceDate "2017.12.12"]
[SourceVersion "1"]
[SourceVersionDate "2017.12.12"]
[SourceQuality "1"]

1. e4 Nc6 2. d4 e5 3. Nf3 exd4 4. Nxd4 Nxd4 5. Qxd4 Qf6 6. Be3 Qxd4 7. Bxd4 Ne7 8. Nc3 Nc6 9. Be3 Bb4 10. 0-0-0 Bxc3 11. bxc3 d6 12. f4 Be6 13. f5 Bd7 14. g4 0-0-0 15. Bd3 Rde8 16. g5 Bxf5 17. exf5 Rxe3 18. Rde1 Rhe8 19. Rxe3 Rxe3 20. Kd2 Rh3 21. g6 fxg6 22. fxg6 hxg6 23. Bxg6 Kd8 24. Bf5 Rh5 25. Be4 g5 26. Bf3 Rh4 27. h3 Ne5 28. Bxb7 c6 29. Ba6 Ke7 30. Bf1 Ra4 31. Bg2 d5 32. Rf1 Rxa2 33. Rf5 Nc4+ 34. Ke1 Rxc2 35. Rxg5 a5 36. Bf1 Rxc3 37. Rg7+ Kd6 38. Ra7 Rc1+ 39. Kf2 Rc2+ 40. Kg3 Ne3 41. Bd3 Rc3 42. Be2 d4 43. Kf2 Nd5 44. h4 d3 45. Bf3 d2 46. Bd1 Rh3 47. Ke2 Rxh4 48. Kxd2 Nb6 49. Kc3 Rh3+ 50. Kb2 Nc4+ 51. Kc2 Kc5 52. Be2 Rh2 53. Kd1 Nb2+ 54. Ke1 a4 55. Ra6 Rh3 56. Bg4 Re3+ 57. Kd2 Nc4+ 58. Kc2 Kb4 59. Bd7 Re2+ 60. Kc1 Kc3 61. Bg4 Rc2+ 0-1